Las mil y una noches /
Guardado en:
| Autor Principal: | |
|---|---|
| Otros Autores: | , |
| Formato: | Libro |
| Publicado: |
Buenos Aires :
Longseller,
2014
|
| Materias: | |
| Etiquetas: |
Agregar Etiqueta
Sin Etiquetas, Sea el primero en etiquetar este registro!
|
| LEADER | 01021nam a22002535a 4500 | ||
|---|---|---|---|
| 001 | CEM.cems015183 | ||
| 005 | 20191011160451.0 | ||
| 008 | 130507s2014##################000#0#####d | ||
| 003 | CEMS | ||
| 020 | |a 9789876832854 | ||
| 082 | 0 | 4 | |a 892.7 |
| 100 | 1 | |a Anónimo | |
| 245 | 1 | 0 | |a Las mil y una noches / |c Anónimo ; adaptado Por Paula Moreno y Haudi |
| 260 | |a Buenos Aires : |b Longseller, |c 2014 | ||
| 300 | |a 224 p. | ||
| 505 | 0 | |a Ali Babá y los cuarenta ladrones -- El genio y el pescador -- El genio y el mercader -- Simbad el marino -- Historia del árbol que canta, el pájaro que habla y el agua dorada -- Historia de la Ciudad de Metal -- Historia del caballo encantado -- Aladino y la lámpara maravillosa | |
| 653 | |a Literatura | ||
| 653 | |a Literatura Árabe | ||
| 653 | |a Literatura infantil | ||
| 653 | |a Cuentos infantiles | ||
| 653 | |a Colección ciencias de la educación | ||
| 700 | 1 | |a Moreno, Paula; adap. | |
| 700 | 1 | |a Huadi; adap. | |
| 859 | |a CEMS |b BIB. CEMS - Ccias. Educacion |h 892.7 |i M589 |k CE |p 28332.19 |t Ej.1 | ||
